000 02016nas a2200373 a 4500
001 ahwal-almarifa-v23-n91
003 SA-KAU
005 20260209142829.0
008 180601s2018 su ar p 0 0ara d
022 _a [ISSN غير متوفر]
040 _a SA-KAU
_b ara
_e aacr2
_c SA-KAU
041 _a ara
043 _a a-su---
082 _a 306.09538
_2 22
245 _a أحوال المعرفة :
_b شارع ثقافة الرياض المأمول /
_c تصدر عن مكتبة الملك عبدالعزيز العامة.
246 _a شارع ثقافة الرياض المأمول
260 _a الرياض :
_b مكتبة الملك عبدالعزيز العامة،
_c 2018.
300 _a 95 ص. :
_b مصورات ؛
_c 30 سم.
310 _a فصلية
362 _a العدد 91، السنة الثالثة والعشرون (شوال 1439هـ / يونيو 2018م).
500 _a دورية ثقافية.
500 _a يذكر على الغلاف: وزارة الثقافة.. حقبة جديدة للثقافة السعودية.
500 _a العدد يتضمن مقالات ودراسات ثقافية وأدبية.
550 _a تصدر عن مكتبة الملك عبدالعزيز العامة.
588 _a الوصف مأخوذ من العدد 91 (يونيو 2018).
650 _a الثقافة
_z السعودية
_v دوريات.
650 _a الحياة الثقافية
_z الرياض
_v دوريات.
650 _a المؤسسات الثقافية
_z السعودية
_v دوريات.
700 _a بن معمر، فيصل بن عبدالعزيز،
_e مشرف عام.
700 _a الزيد، عبدالكريم بن عبدالرحمن،
_e نائب المشرف العام.
700 _a أبو ملحه، سعيد بن ناصر،
_e رئيس تحرير.
700 _a السعدي، عبدالله بن عبدالكريم،
_e مدير تحرير.
710 _a مكتبة الملك عبدالعزيز العامة.
999 _c31095
_d31066